000 00685nam a2200181 i 4500
001 154458
003 ES-MaACL
005 20250901063129.0
008 961110s1888 sp |||| | spa d
040 _aCARM
_bspa
_cCCPB | SIC
100 1 _aGómez Manés, León
_9127369
245 1 0 _aResumen de los datos numéricos relativos al material de batalla /
_crecopilados por León Gómez Mañes.
260 _aMadrid :
_b[s.n.],
_c1888 (
_fImprenta del cuerpo de Artillería)
300 _a45 p. ;
_c15 cm.
650 0 4 _aArmamento.
_99966
852 _aES-MaACL
_jT-483-F-5
_z-- Enc. hol.
_q-- Falto de la cub. original
_z-- Enc. en un vol. facticio
999 _c154458
_d154458